000
00275nam a2200109Ia 4500
008
200302s9999 xx 000 0 und d
100
_a
Neeta das and Rosie
245
_a
Murshidabad Forgotten Capital of Bengal
260
_b
Marg Publication
260
_c
2013
300
_a
136
999
_c
5814
_d
5814